| 000 | 00615nam a2200217Ia 4500 | ||
|---|---|---|---|
| 005 | 20240116095336.0 | ||
| 008 | 131103s9999 xx 000 0 und d | ||
| 020 |
_a005002798 0 _cGBP 2.50 p.net |
||
| 040 | _aLoreto College | ||
| 041 | _aEnglish | ||
| 082 |
_a370 _bMAR |
||
| 245 |
_aInsights into Environmental Education, _cEdited by George C.Martin and Keith Wheeler |
||
| 260 |
_aEdinburgn _bOliver & Boyd _c1975 |
||
| 300 |
_ax,199 p. _b ill., diagrams |
||
| 504 | _aIncludes notes | ||
| 650 | _aEducation | ||
| 651 | _aEducation | ||
| 700 | _aMartin, George C.,ed. | ||
| 850 | _aLCLIB | ||
| 942 | _cBK | ||
| 999 |
_c2956 _d53435 |
||